000 01803nam a2200421 c 4500
999 _c69294
_d69294
003 BLK
005 20250318104253.0
008 180408b bul|||||r ||||||| ||bul||
010 _aKNG00073636000
020 _a954-431-292-7
040 _aBLK
041 _aBUL
_cBUL
080 _aФренска литература
_b821.133.1
_x-93-91
_z821.133.1-93-91
139 _aМалечко Палечко
_bМ 21
245 1 0 _aМалечко Палечко
_cпо Шарл Перо; адапт. Галина Златина; худож. Галин Николаев Георгиев; худож. Светлана Ангелова Князева; * Галина Йорданова Златарева.
257 _aFRA
260 _bЗлатното пате
_c2006
300 _a10 с.
_bс цв. ил.
_c23Х25 см
380 _aDX
490 _aСтъпка по стъпка
_9203332
500 _aКор. опис. - Галина Златина - псевд. на Галина Йорданова Златарева.
653 _aприказки
653 _aлитература за деца
653 _aдетска литература
653 _aадаптирани книги
700 1 _aПеро, Шарл
_eпо
_9363365
700 _aЗлатарева, Галина Йорданова
_d1954
_9363759
700 _aГеоргиев, Галин Николаев
_9368580
700 1 _aКнязева, Светлана Ангелова
_eхудож.
_9367584
700 _aЗлатарева, Галина Йорданова
_d1954
_9363759
852 _aЦб 232859
856 4 _qpdf
856 4 _qpdf
942 _cKNG
_n0
_016
_s1
944 _aCR
_c02.04.2007
_lГрета Цуфелде
_k30537
944 _aED
_c23.01.2018
_lф /
_kЛюдмила_Стоянова
999 _d69294